| 000 | 00343nam a2200133Ia 4500 | ||
|---|---|---|---|
| 005 | 20251222152714.0 | ||
| 008 | 251222s9999||||xx |||||||||||||| ||spa|| | ||
| 020 | _a8478559213 | ||
| 082 | _a344.602.9/B71 | ||
| 100 | _aBoix Reig, Vicente | ||
| 245 | 0 | _aRégimen Jurídico de la Organización Municipal | |
| 264 | _bTrivium S.A. | ||
| 942 | _cLIB | ||
| 999 |
_c29324 _d29324 |
||